00309nam a22001457a 450000500170000002000180001704100120003508200160004710000240006324500260008725000070011326000240012030000080014436500110015220260616112600.0 a9788197836336 aEnglish aT03 R24 BER aBerlin Kurumpanai C aKadalora Sollagarathi a01 aChennaibNCBHc2024 a408 b450.00